000 01193nam a2200361 a 4500
001 000114653
003 CHAP
005 20220329144451.0
008 180314s1985 mx |r| ||||||spa d
010 _a111114
011 _a112086
020 _a968-23-0085-1 (Volumen 4)
020 _a968-23-0210-2 (Volumen 5)
020 _a9682300843 (Obra completa)
040 _cCHAP
082 0 4 _a335.42
_bM3 1985
100 0 0 _aMarx, Karl.
_972726
245 1 3 _aEl capital :
_bcrítica de la economía política /
_cpor Karl Marx.
250 _a10 ed.
260 _aMéxico, D.F. :
_bSiglo XXI,
_c1985.
300 _av.
490 _aBiblioteca del pensamiento socialista. Serie Los clásicos
500 _aLa biblioteca de San Luis Acatlan tiene : t. 2 El proceso de circulación del capital, v.4 y v.5
534 _pTít. original :
_tdas kapital/kritik der politischen okpnomie
590 _aBATCH-UPD
_b05
_c20180314
_lUCH01
_h1402
590 _aE5765TAJ
_b05
_c20180314
_lUCH01
_h1401
650 1 4 _aCapital.
_918709
650 1 4 _aEconomía.
_935226
830 0 _aBiblioteca del pensamiento socialista. Serie Los clásicos
_912379
901 _aBK
942 _cLIBRO
942 _n0
999 _c111114
_d111114